000
00354pab a2200157 454500
008
180718b2000 xxu||||| |||| 00| 0 eng d
100
_a
Narayanan, M.K.
245
_a
Break the chain of terror
260
_c
2000
300
_a
p.12
362
_a
16 Oct
650
_a
Terrorism - India
650
_a
Terrorism
773
_a
Asian Age
909
_a
48058
999
_c
48058
_d
48058